Provinces côtières du Canada - Mort subite - Statistiques

Statistiques générales
  • Ce quiz a été pris 38 fois
  • Le résultat moyen est 4 sur 8
Answers on the Grid
Answers color-coded by a green-red scale on the quiz's grid according to % correct below.
Yukon
Nouveau-Brunswick
Ontario
Saskatchewan
Terre-Neuve-et-Labrador
Alaska
Colombie-Britannique
Territoires du Nord-Ouest
Québec
Nouvelle-Écosse
Nunavut
Manitoba
Maine
Alberta
Groenland
Île-du-Prince-Édouard
 
Statistiques - réponses
Réponse % Correct
Île-du-Prince-Édouard
80%
Nouveau-Brunswick
80%
Colombie-Britannique
60%
Terre-Neuve-et-Labrador
60%
Nouvelle-Écosse
40%
Québec
40%
Ontario
20%
Manitoba
0%
Aucun quiz correspondant
Distribution des résultats
% des personnes avec chaque résultat
Percentile par nombre de réponses
Votre historique - résultats
Vous n’avez pas pris ce quiz